000
00348nam a2200133Ia 4500
008
151001s9999||||xx |||||||||||||| ||und||
100
_a
प्रभू बबन
245
_a
पळा पळा कोण पुढे पळे तो
250
_a
1
260
_b
जे विनायक
260
_c
1974
300
_a
99
365
_b
21
999
_c
957590
_d
957587